Финансы и учет: библиографический указатель русскоязычной литературы XVII-XX вв. из фондов Научной библиотеки Томского государственного университета

Dettagli Bibliografici
Autore principale: Земцов А. А. Анатолий Анатольевич
Ente Autore: Томский государственный университет (ТГУ) Высшая школа бизнеса (ВШБ)
Altri autori: Островская Т. М. Татьяна Михайловна
Riassunto:Исключено из фонда НТБ ТПУ
Lingua:russo
Pubblicazione: Томск, Изд-во ТГУ, 2002
Natura: MixedMaterials Libro
KOHA link:https://koha.lib.tpu.ru/cgi-bin/koha/opac-detail.pl?biblionumber=52460

MARC

LEADER 00000nam0a2200000 4500
001 52460
005 20231031041629.0
010 |a 5751114779 
035 |a (RuTPU)RU\TPU\book\54968 
090 |a 52460 
100 |a 20030530d2002 km y0rusy50 ca 
101 0 |a rus 
102 |a RU 
105 |a y a 000zy 
200 1 |a Финансы и учет  |e библиографический указатель русскоязычной литературы XVII-XX вв. из фондов Научной библиотеки Томского государственного университета  |f А. А. Земцов, Т. М. Островская  |g Томский государственный университет; Высшая школа бизнеса 
210 |a Томск  |c Изд-во ТГУ  |d 2002 
215 |a 614 с. 
333 |a Исключено из фонда НТБ ТПУ 
700 1 |a Земцов  |b А. А.  |g Анатолий Анатольевич 
701 1 |a Островская  |b Т. М.  |g Татьяна Михайловна 
712 0 2 |a Томский государственный университет (ТГУ)  |b Высшая школа бизнеса (ВШБ) 
801 1 |a RU  |b 63413507  |c 20030530  |g PSBO 
801 2 |a RU  |b 63413507  |c 20220607  |g PSBO 
942 |c BK